00385nam a2200133 a 45000010005000000030005000050050017000100080041000270200015000680400026000831000030001092450094001392600018002332014CDMR20130313093538.0130130s1975||||||||||||||||||||||||||||d a8420621447 aCDMRbcatcCPC GIRONA1 aTannenbaum, Edward Robert13aLa experiencia fascistab: sociedad y cultura en Italia (1922-1945)cEdward R. Tannenbaum c1975bAlianza